New aspects on Indian history : (Record no. 93776)

MARC details
000 -LEADER
fixed length control field 00650nam a22002057a 4500
005 - DATE AND TIME OF LATEST TRANSACTION
control field 20150623115936.0
010 ## - LCCN (DPL NO)
LC control number ENG-113095
020 ## - INTERNATIONAL STANDARD BOOK NUMBER
International Standard Book Number 8187891505
Terms of availability 650.00
035 ## - SYSTEM CONTROL NUMBER
System control number EN-96627
037 ## - SOURCE OF ACQUISITION
Source of stock number/acquisition DBAD/PUB
082 ## - DEWEY DECIMAL CLASSIFICATION NUMBER
Classification number 954
245 ## - TITLE STATEMENT
Title New aspects on Indian history :
Statement of responsibility, etc edited by Ashim Kumar Sarkar [and] Kaushik Chakraborty
Remainder of title local, regional, national /
260 ## - PUBLICATION, DISTRIBUTION, ETC. (IMPRINT)
Name of publisher, distributor, etc Readers Service
Date of publication, distribution, etc 2011
Place of publication, distribution, etc Kolkata
270 ## - ADDRESS
City Kolkata
Postal code 700075
Address 59/5A, Garfa Main Road
300 ## - PHYSICAL DESCRIPTION
Extent xxxii,312p.
Dimensions 22cm(Hb)
500 ## - GENERAL NOTE
General note Includes index
700 ## - ADDED ENTRY--PERSONAL NAME
Personal name Sarkar, Ashim Kumar
700 ## - ADDED ENTRY--PERSONAL NAME
Personal name Chakraborty, Kaushik
942 ## - ADDED ENTRY ELEMENTS (KOHA)
Source of classification or shelving scheme Dewey Decimal Classification
Item type English Books
Call number suffix NEW
Classification part 954
Holdings
Withdrawn status Lost status Not for loan Collection code Home library Current library Date acquired Source of acquisition Cost, normal purchase price Full call number Barcode Copy number Cost, replacement price Koha item type
    Not For Loan Non-fiction D.B.Act.Division D.B.Act.Division 20/05/2015 DBAD/PUB 650.00 954 NEW EN-96627 1 650.00 English Books

© Delhi Public Library
Hit Counter
free hit counter